L'esperienza delle "Frocie metalmeccaniche" di Felix Cossolo: tra intersezionalità e lotte del Movimento LGBTI italiano / Tesi di laurea in Storia di Federico Pontillo presso l'Università degli Studi di Genova

I tiakina i:
Ngā taipitopito rārangi puna kōrero
Kaituhi matua: Pontillo, Federico (1997- )
Hōputu: Pukapuka
Reo:Ingarihi
Ngā Tūtohu: Tāpirihia he Tūtohu
Kāore He Tūtohu, Me noho koe te mea tuatahi ki te tūtohu i tēnei pūkete!

MARC

LEADER 00000nam a2200000 4500
005 20250528143506.0
008 250117b |||||||| |||| 00| 0 eng d
040 |c Arcigay Genova 
100 |a Pontillo, Federico  |d  (1997- ) 
245 |a L'esperienza delle "Frocie metalmeccaniche" di Felix Cossolo: tra intersezionalità e lotte del Movimento LGBTI italiano  |b  / Tesi di laurea in Storia di Federico Pontillo presso l'Università degli Studi di Genova 
942 |2 ddc  |c TS  |n 0 
952 |0 0  |1 0  |2 ddc  |4 0  |6 TESI_PONTILLO  |7 1  |9 2931  |a GE  |b GE  |d 2025-01-17  |l 0  |o TESI PONTILLO  |p 1505  |r 2025-01-17 10:07:20  |w 2025-01-17  |y TS 
999 |c 2450  |d 2450